[Event "XVII Open"]
[Site "Montcada i Reixac ESP"]
[Date "2009.06.28"]
[Round "3"]
[White "Asis Gargatagli,H"]
[Black "Arun Prasad,S"]
[Result "1-0"]
[WhiteElo "2430"]
[BlackElo "2552"]

1.c4 c5 2.Nf3 Nf6 3.Nc3 d5 4.cxd5 Nxd5 5.g3 Nc6 6.Bg2 Nc7 7.a3 e5 8.b4 f6
9.bxc5 Bxc5 10.Qc2 O-O 11.Rb1 Kh8 12.Na4 Bd6 13.O-O Qe7 14.e3 f5 15.d4 e4
16.Nd2 Na5 17.f3 Nd5 18.Nxe4 fxe4 19.fxe4 Rxf1+ 20.Bxf1 Nc7 21.e5 Bxa3 22.Bd2 Nc6
23.Bg2 Qe8 24.d5 Qxe5 25.dxc6 b5 26.Qd3 Bd6 27.Bc3 Qe6 28.Qd4 Bf8 29.Rf1 Qg8
30.Nc5 b4 31.Ba1 Ne6 32.Nxe6 Bxe6 33.c7 Rc8 34.Qd8 h5 35.Bb7 Bc5 36.Bxg7+ Kxg7
37.Qf6+  1-0

[Event "5th Open"]
[Site "Sort ESP"]
[Date "2009.06.29"]
[Round "6"]
[White "Gagare,Shal"]
[Black "Beltre,P"]
[Result "1-0"]
[WhiteElo "2117"]
[BlackElo "1967"]

1.c4 c5 2.Nc3 Nf6 3.Nf3 e6 4.g3 b6 5.Bg2 Bb7 6.O-O Be7 7.b3 O-O 8.Bb2 Nc6
9.d4 Nxd4 10.Nxd4 Bxg2 11.Kxg2 cxd4 12.Qxd4 Qc7 13.Rad1 Bc5 14.Qd3 Qc6+ 15.Qf3 Rfd8
16.Rd3 Ng4 17.Ne4 f5 18.Nxc5 Qxc5 19.h3 Ne5 20.Bxe5 Qxe5 21.Rfd1 Qc7 22.Rxd7 Rxd7
23.Qxa8+ Kf7 24.Rxd7+ Qxd7 25.Qf3 h6 26.b4 Qd2 27.a3 Kf6 28.Qd3 Qb2 29.c5 bxc5
30.bxc5 Qb7+ 31.Kh2 Qd5 32.Qc2 Qe4 33.Qc3+ Qe5 34.Qc4 Qe4 35.Qd3 Qd5 36.Qc2 Qe4
37.Qd1 Qd5 38.Qc1 Qc6 39.Qc3+ e5 40.Qa5 Qb7 41.Qd8+ Qe7 42.Qc8 Qe6 43.Qb7 Qe7
44.Qa6+ Kg5 45.h4+ Kh5 46.Qd6 Qb7 47.Qxe5 Qd7 48.e4 Kg6 49.Qd6+ Qxd6 50.cxd6 Kf7
51.e5  1-0

[Event "Petr Izmailov Mem"]
[Site "Tomsk RUS"]
[Date "2009.06.30"]
[Round "7"]
[White "Krivonos,N"]
[Black "Nevostrujev,V"]
[Result "0-1"]
[WhiteElo "2286"]
[BlackElo "2508"]

1.c4 Nf6 2.Nc3 c5 3.Nf3 g6 4.e3 Bg7 5.d4 O-O 6.Be2 d5 7.O-O cxd4 8.Nxd4 dxc4
9.Bxc4 a6 10.a3 Qc7 11.Qe2 Rd8 12.h3 b5 13.Ba2 Bb7 14.Rd1 Nc6 15.Nf3 Rxd1+
16.Qxd1 Rd8 17.Qe2 Ne5 18.Ne1 Ne4 19.Nxe4 Bxe4 20.Bb3 Qc6 21.f3 Bd5 22.Bxd5 Qxd5
23.e4 Qb3 24.Bg5 Nc4 25.Qc2 Qxb2 26.Rd1 Rxd1 27.Qxd1 Qd4+ 28.Qxd4 Bxd4+ 29.Kf1 Bc5
30.a4 bxa4 31.Ke2 f6 32.Bc1 Kf7 33.Nc2 Ke6 34.Kd3 Ne5+ 35.Kc3 Kd7 36.Bf4 Bd6
37.Be3 f5 38.Bf2 Bc7 39.Bc5 Ba5+ 40.Kd4 Bd2 41.Ba3 h5 42.Kc5 h4 43.Kb6 Nc4+
44.Kxa6 Nxa3 45.Nxa3 Kc6 46.Nc4 Bb4 47.Nb2 a3 48.Nd3 Bd2  0-1

[Event "Greek Cup Finals"]
[Site "Halkidiki GRE"]
[Date "2009.07.01"]
[Round "2"]
[White "Halkias,S"]
[Black "Tsarouhas,V"]
[Result "1-0"]
[WhiteElo "2566"]
[BlackElo "2221"]

1.Nf3 c5 2.c4 Nf6 3.Nc3 g6 4.e3 Bg7 5.d4 d5 6.Be2 O-O 7.O-O cxd4 8.exd4 Nc6
9.Be3 dxc4 10.Bxc4 Bg4 11.d5 Ne5 12.Be2 Nxf3+ 13.Bxf3 Bxf3 14.Qxf3 Ne8 15.Rfe1 Nd6
16.Rad1 Nf5 17.Bg5 h6 18.d6 Qb6 19.Bxe7 Bxc3 20.Qxc3 Rfc8 21.Qd2 Rc4 22.Bf6 Rc6
23.d7 Rxf6 24.Re8+ Kg7 25.Rxa8 Rd6 26.d8=Q  1-0

[Event "Petr Izmailov Mem"]
[Site "Tomsk RUS"]
[Date "2009.07.01"]
[Round "8"]
[White "Nevostrujev,V"]
[Black "Gnusarev,P"]
[Result "1/2-1/2"]
[WhiteElo "2508"]
[BlackElo "2373"]

1.c4 c5 2.Nc3 e6 3.Nf3 Nf6 4.g3 b6 5.Bg2 Bb7 6.d4 cxd4 7.Qxd4 Nc6 8.Qf4 a6
9.O-O Ne7 10.b3 Ng6 11.Qd2 Be7 12.Bb2 O-O 13.Rfd1 Qc7 14.Rac1 Rfd8 15.Ba1 Rac8
16.Qb2 Qb8 17.a4 h6 18.h4 d6 19.e4 Ne5 20.Ne1 Qa8 21.Qe2 Bc6 22.Nc2 h5  1/2-1/2

[Event "ZMD Open"]
[Site "Dresden GER"]
[Date "2009.07.02"]
[Round "9"]
[White "Moeller,H"]
[Black "Kotainy,J"]
[Result "1-0"]
[WhiteElo "2171"]
[BlackElo "2270"]

1.Nf3 e6 2.c4 Nf6 3.Nc3 c5 4.g3 b6 5.Bg2 Bb7 6.O-O Be7 7.Re1 d6 8.e4 Nbd7
9.d4 cxd4 10.Nxd4 Qc7 11.Ndb5 Qb8 12.f4 O-O 13.Be3 a6 14.Nd4 Qc7 15.Rc1 Rac8
16.g4 Nc5 17.Bf2 e5 18.Nf5 g6 19.Nxe7+ Qxe7 20.f5 g5 21.Bf3 Ne8 22.Qd2 a5
23.Red1 Bc6 24.b3 h6 25.h4 f6 26.Nd5 Bxd5 27.Qxd5+ Rf7 28.Rc3 Qb7 29.hxg5 Qxd5
30.Rxd5 fxg5 31.Kg2 Nf6 32.Rxd6 Nfxe4 33.Bxe4 Nxe4 34.Rg6+ Kh7 35.Rh3  1-0

[Event "Petr Izmailov Mem"]
[Site "Tomsk RUS"]
[Date "2009.07.02"]
[Round "9"]
[White "Medvedev,E"]
[Black "Itkin,D"]
[Result "0-1"]
[WhiteElo "2057"]
[BlackElo "2240"]

1.Nf3 Nf6 2.c4 c5 3.Nc3 d5 4.cxd5 Nxd5 5.d4 Nxc3 6.bxc3 g6 7.Bf4 Bg7 8.e3 O-O
9.Bd3 Nc6 10.O-O Bg4 11.Be4 Bf5 12.Bxf5 gxf5 13.Rb1 Na5 14.Qd3 e6 15.Rfd1 c4
16.Qe2 Qd5 17.Nd2 b5 18.e4 fxe4 19.Nxe4 a6 20.Bd6 Rfe8 21.Qg4 Kh8 22.Ng5 Ra7
23.Qh5 Qxd6 24.Qxh7+  0-1

[Event "ChessCube SA Open"]
[Site "Cape Town RSA"]
[Date "2009.07.04"]
[Round "3"]
[White "Wang,Ph"]
[Black "Mabusela,J"]
[Result "1-0"]
[WhiteElo "2306"]
[BlackElo "2273"]

1.Nf3 Nf6 2.c4 e6 3.Nc3 c5 4.g3 b6 5.Bg2 Bb7 6.O-O Be7 7.d4 cxd4 8.Qxd4 Nc6
9.Qd3 O-O 10.Rd1 Qc8 11.Bg5 Rd8 12.Rac1 h6 13.Bf4 d5 14.cxd5 Nxd5 15.Nxd5 Rxd5
16.Qb3 Rc5 17.Rxc5 Bxc5 18.a3 Ne7 19.Qd3 a5 20.h4 Nd5 21.Be5 Qe8 22.e4 Ne7
23.b4 axb4 24.axb4 Bxb4 25.Bxg7 Kxg7 26.Qd4+ Kh7 27.Qxb4 Ra4 28.Qxb6 Bxe4
29.Rd8 Qc6 30.Qb2 Ng8 31.Ne5  1-0

[Event "12th Festival IM"]
[Site "Bischwiller FRA"]
[Date "2009.07.05"]
[Round "1"]
[White "Heinz,Ti"]
[Black "Dobosz,H"]
[Result "1/2-1/2"]
[WhiteElo "2279"]
[BlackElo "2404"]

1.Nf3 c5 2.c4 Nf6 3.Nc3 d5 4.cxd5 Nxd5 5.e4 Nxc3 6.dxc3 Qxd1+ 7.Kxd1 Nc6
8.Be3 e5 9.Bc4 f6 10.Kc2 Bd7 11.Rhd1 O-O-O 12.Nd2 Kc7 13.f3 Bd6 14.Bf2 Rhe8
15.Nf1 Be6 16.Bxe6 Rxe6 17.Ne3 b6 18.a4 Bf8 19.Nd5+ Kb7 20.Be3  1/2-1/2

[Event "XXXII Open"]
[Site "Barbera ESP"]
[Date "2009.07.10"]
[Round "7"]
[White "Camarena Gimenez,R"]
[Black "Schneider,Ve"]
[Result "1-0"]
[WhiteElo "2402"]
[BlackElo "2301"]

1.Nf3 Nf6 2.c4 c5 3.Nc3 d5 4.cxd5 Nxd5 5.Qa4+ Bd7 6.Qe4 Nxc3 7.dxc3 Bc6 8.Qc2 Nd7
9.e4 e6 10.Be2 Bd6 11.Be3 Qc7 12.g3 O-O 13.O-O b5 14.Rfd1 Be7 15.Ne1 Nf6
16.f3 Rfd8 17.Bf1 Qb7 18.c4 b4 19.Nd3 Nd7 20.Qf2 Rdc8 21.Rd2 f5 22.exf5 exf5
23.Bxc5 Nxc5 24.Nxc5 Bxc5 25.Qxc5 Bxf3 26.Qxf5 Qb6+ 27.Rf2 Rf8 28.Qc2 Qc5
29.Re1 Rad8 30.b3 Rd6 31.Qc1 Bh5 32.Qe3 Qxe3 33.Rxe3 Rxf2 34.Kxf2 Rd2+ 35.Kg1 Rxa2
36.c5 Bf7 37.Re4 Bxb3 38.Rxb4 Be6 39.Re4 Bd5 40.Rd4 Bb3 41.Rd3 Be6 42.Rd6 Bb3
43.Bb5 Rc2 44.c6 Kf7 45.Rd7+ Kf6 46.Rxa7 Be6 47.Ba4 Rc5 48.Kf2 Bd5 49.Ke3 Rc4
50.Bb3 Rc3+ 51.Kd4 Rxb3 52.Kxd5 Rd3+ 53.Kc5 Rc3+ 54.Kb6 Rc2 55.c7 Ke6 56.Kb7 Rb2+
57.Ka8 Kd7 58.Rb7  1-0

[Event "IM"]
[Site "Saint-Lo FRA"]
[Date "2009.07.11"]
[Round "5"]
[White "Ornstein,A"]
[Black "Tripoteau,N"]
[Result "1/2-1/2"]
[WhiteElo "2424"]
[BlackElo "2398"]

1.Nf3 c5 2.c4 b6 3.Nc3 Nf6 4.e3 e6 5.a3 Be7 6.d4 cxd4 7.exd4 d5 8.cxd5 Nxd5
9.Bb5+ Bd7 10.Bd3 Nxc3 11.bxc3 Nc6 12.Qe2 O-O 13.h4 h6 14.Rh3 e5 15.Rg3 exd4
16.Qd2 Re8 17.Kf1 Bf6 18.Qxh6 Kf8 19.Qh8+ Ke7 20.Qh7 Rh8 21.Qe4+ Kf8 22.Ng5 Ne5
23.Nh7+ Rxh7 24.Qxh7 Nxd3 25.Qxd3 Rc8 26.cxd4 Bxd4 27.Bg5 f6 28.Rd1 Ba4 29.Rg4 Bxd1
30.Rxd4 Qe7 31.Be3 Bc2 32.Qa6 Bf5 33.Kg1 Rc3 34.Qe2 Rxa3 35.Qh5 Rxe3 36.Qxf5 Re1+
37.Kh2 Qe5+ 38.Qxe5 Rxe5 39.f4 Re7 40.Rd8+ Kf7 41.Rb8 Ke6 42.g4 Kd6 43.h5 Kc7
44.Ra8 Kb7 45.Rf8 a5 46.h6 gxh6 47.Rxf6 a4 48.Rxh6 a3 49.Kg3 b5 50.Rh1 b4
51.Ra1 Kb6 52.f5 Ra7 53.f6 Kb5 54.g5 Rf7 55.Kf4 Ka4 56.Ke5 b3 57.g6 Rxf6
58.Kxf6 b2  1/2-1/2

[Event "FSGM July"]
[Site "Budapest HUN"]
[Date "2009.07.13"]
[Round "10"]
[White "Fogarasi,T"]
[Black "Varga,Zo"]
[Result "1/2-1/2"]
[WhiteElo "2419"]
[BlackElo "2473"]

1.Nf3 c5 2.c4 Nf6 3.Nc3 d5 4.cxd5 Nxd5 5.g3 Nc6 6.Bg2 Nc7 7.O-O g6 8.d3 Bg7
9.Ne4 Ne6 10.a3 O-O 11.Rb1 b6 12.b4 cxb4 13.axb4 Bb7 14.e3 Qd7 15.Bb2 Rfd8
16.Bxg7 Kxg7 17.Rb3 f6 18.Qb1 Nc7  1/2-1/2

[Event "LTC Open A"]
[Site "Leiden NED"]
[Date "2009.07.13"]
[Round "4"]
[White "Van Halderen,H"]
[Black "Wantola,I"]
[Result "0-1"]
[WhiteElo "2133"]
[BlackElo "2336"]

1.c4 Nf6 2.Nc3 c5 3.Nf3 g6 4.d4 cxd4 5.Nxd4 Nc6 6.e4 Nxd4 7.Qxd4 Bg7 8.Be2 O-O
9.Qd3 d6 10.O-O Be6 11.f3 Rc8 12.b3 b5 13.Nxb5 Nxe4 14.fxe4 Bxa1 15.Be3 Be5
16.Nxa7 Rc7 17.Bb6 Qa8 18.Qe3 Rb7 19.a4 Rxb6 20.Qxb6 Qxe4 21.Bf3 Bd4+ 22.Kh1 Qd3  0-1

[Event "12th Open"]
[Site "Malaga ESP"]
[Date "2009.07.13"]
[Round "4"]
[White "Teijeiro Barros,A"]
[Black "Ladron de Guevara Pinto,P"]
[Result "0-1"]
[WhiteElo "2198"]
[BlackElo "2020"]

1.Nf3 Nf6 2.c4 c5 3.Nc3 d5 4.cxd5 Nxd5 5.e4 Nb4 6.Bc4 Nd3+ 7.Kf1 Nc6 8.Qe2 Nde5
9.Nxe5 Nxe5 10.d3 e6 11.Be3 a6 12.a4 Be7 13.Rd1 Nc6 14.h4 h5 15.Qf3 g6 16.Qg3 Bd7
17.Bg5 Bxg5 18.hxg5 Qb8 19.Qe3 Nd4 20.b4 Nc2 21.Qd2 Nxb4 22.d4 Qd6 23.d5 O-O-O
24.Qc1 e5 25.Kg1 Rdf8 26.Kh2 f6 27.f3 h4 28.Rhf1 fxg5 29.Qxg5 Rh5 30.Qd2 g5
31.Be2 Rf4 32.a5 Rh8 33.Rc1 Kb8 34.Nd1 g4 35.fxg4 Rxe4 36.Bf3 Rd4 37.Qc3 e4+
38.Kh1 exf3  0-1

[Event "Open"]
[Site "Rethymno GRE"]
[Date "2009.07.13"]
[Round "3"]
[White "Werle,J"]
[Black "Konguvel,P"]
[Result "1-0"]
[WhiteElo "2575"]
[BlackElo "2419"]

1.Nf3 Nf6 2.c4 c5 3.Nc3 e6 4.g3 b6 5.Bg2 Bb7 6.O-O a6 7.Re1 Be7 8.e4 d6 9.d4 cxd4
10.Nxd4 Qc7 11.Be3 O-O 12.Rc1 Re8 13.f4 Nfd7 14.Nd5 exd5 15.cxd5 Nc5 16.b4 Bf6
17.Nf5 Nbd7 18.g4 g6 19.Nh6+ Kf8 20.g5 Bg7 21.Bd4 f6 22.h4 Qd8 23.bxc5 bxc5
24.Ba1 Qe7 25.Rf1 Bxh6 26.gxh6 Bc8 27.e5 f5 28.Qe1 Ra7 29.e6 Nf6 30.Qc3 Ng8
31.Qh8 Qxh4 32.Bg7+ Ke7 33.Qxh7  1-0

[Event "IM"]
[Site "Saint-Lo FRA"]
[Date "2009.07.13"]
[Round "8"]
[White "Ornstein,A"]
[Black "Lagarde,Max"]
[Result "0-1"]
[WhiteElo "2424"]
[BlackElo "2352"]

1.Nf3 Nf6 2.c4 c5 3.Nc3 d5 4.cxd5 Nxd5 5.g3 Nc6 6.Bg2 Nc7 7.O-O e5 8.d3 Be7
9.Nd2 Bd7 10.Nc4 f6 11.f4 b5 12.Ne3 exf4 13.gxf4 O-O 14.f5 Rb8 15.Bd2 Ne5
16.Ne4 Bc6 17.Bc3 Kh8 18.Bxe5 fxe5 19.Ng4 Ne8 20.e3 Bxe4 21.Bxe4 Nf6 22.Nxe5 Qc7
23.Ng4 Bd6 24.Rf2 Rbe8 25.Nxf6 Rxf6 26.b3 Rh6 27.Qd2 Qe7 28.Rc1 Rf8 29.Rc2 Rh3
30.Rg2 Rf6 31.a4 b4 32.Qc1 Rfh6 33.Rce2 R6h4 34.Qc4 Rh6 35.Qd5 Qf6 36.Qa8+ Bf8
37.Qc8 Qa1+ 38.Kf2 Rf6 39.Bd5 Qe5 40.Bc4 Rxf5+  0-1

[Event "Corporation Centre Cup"]
[Site "Izhevsk RUS"]
[Date "2009.07.17"]
[Round "3"]
[White "Pershina,E"]
[Black "Kotchnev,A"]
[Result "1/2-1/2"]
[WhiteElo "1958"]
[BlackElo "2103"]

1.c4 Nf6 2.Nf3 c5 3.Nc3 g6 4.d4 Bg7 5.e3 O-O 6.Be2 Na6 7.O-O cxd4 8.exd4 d5
9.c5 Nc7 10.Bf4 Nd7 11.Bxc7 Qxc7 12.Nxd5 Qd8 13.Bc4 e5 14.b4 exd4 15.Rc1 Ne5
16.Nxe5 Bxe5 17.Re1 Bg7 18.Ne7+ Kh8 19.Qf3 Be6 20.Bxe6 fxe6 21.Qxb7 Rb8 22.Qxa7 Ra8
23.Qb7 Rb8  1/2-1/2

[Event "Open"]
[Site "Rethymno GRE"]
[Date "2009.07.17"]
[Round "7"]
[White "Romsdal,T"]
[Black "Konguvel,P"]
[Result "0-1"]
[WhiteElo "2171"]
[BlackElo "2419"]

1.Nf3 Nf6 2.c4 c5 3.Nc3 e6 4.d4 cxd4 5.Nxd4 Bb4 6.Bd2 Nc6 7.e3 O-O 8.Be2 d5
9.Nc2 Bd6 10.O-O a6 11.g3 dxc4 12.Bxc4 b5 13.Be2 Bb7 14.Rc1 Qe7 15.Bf3 Rfd8
16.Nd4 Ne5 17.Bxb7 Qxb7 18.Nce2 Ne4 19.Ba5 Ng5 20.f3 Ngxf3+ 21.Nxf3 Nxf3+
22.Rxf3 Qxf3 23.Bxd8 Qxe3+ 24.Kg2 Rxd8  0-1

[Event "Corporation Centre Cup"]
[Site "Izhevsk RUS"]
[Date "2009.07.18"]
[Round "4"]
[White "Demianjuk,A"]
[Black "Nelyubin,G"]
[Result "1-0"]
[WhiteElo "2368"]
[BlackElo "2004"]

1.c4 c5 2.Nf3 Nf6 3.Nc3 e6 4.g3 b6 5.Bg2 Bb7 6.O-O d6 7.Re1 Nbd7 8.e4 a6
9.d4 cxd4 10.Nxd4 Qc7 11.Be3 Be7 12.Rc1 O-O 13.f3 Rac8 14.b3 Qb8 15.Bf2 Rfe8
16.Qe2 Bf8 17.Rc2 Qa8 18.Qe3 Ne5 19.Na4 Nfd7 20.Qe2 Ng6 21.Rd1 d5 22.cxd5 exd5
23.Rxc8 Rxc8 24.Bh3 Nde5 25.Nxb6 Qb8 26.Bxc8 Bxc8 27.Nxc8 Qxc8 28.exd5 Qh3
29.Qc2 h5 30.Rc1 Qd7 31.Qe4 Bd6 32.Qf5 Qe7 33.Re1 Qb7 34.Nc6 Nxc6 35.dxc6 Qxc6
36.Qxh5  1-0

[Event "Corporation Centre Cup"]
[Site "Izhevsk RUS"]
[Date "2009.07.18"]
[Round "4"]
[White "Ovetchkin,R"]
[Black "Sakharov,L"]
[Result "1-0"]
[WhiteElo "2548"]
[BlackElo "2146"]

1.Nf3 Nf6 2.c4 c5 3.Nc3 b6 4.g3 Bb7 5.Bg2 e6 6.O-O Be7 7.Re1 O-O 8.e4 d6
9.d4 cxd4 10.Nxd4 a6 11.e5 dxe5 12.Bxb7 Ra7 13.Nc6 Qxd1 14.Nxe7+ Kh8 15.Rxd1 Rxb7
16.b3 b5 17.Be3 bxc4 18.Bc5 Re8 19.bxc4 Rc7 20.Ba3 Rxc4 21.Rac1 g6 22.Nb1 Re4
23.Nc8 Re2 24.Nd6 Rf8 25.Nc3  1-0

[Event "Najdorf Mem Open"]
[Site "Warsaw POL"]
[Date "2009.07.20"]
[Round "3"]
[White "Pazderski,Z"]
[Black "Winski,L"]
[Result "0-1"]
[WhiteElo "2228"]
[BlackElo "2075"]

1.Nf3 Nf6 2.c4 e6 3.Nc3 c5 4.g3 b6 5.Bg2 Bb7 6.O-O Be7 7.d4 cxd4 8.Nb5 a6
9.Nbxd4 O-O 10.b3 d6 11.Bb2 Nbd7 12.e3 Rc8 13.Qe2 Rc7 14.Rfd1 Qa8 15.Rac1 Rfc8
16.Qf1 Nc5 17.Nd2 Bxg2 18.Qxg2 Qxg2+ 19.Kxg2 Nd3 20.Rb1 Nxb2 21.Rxb2 d5 22.Ne2 Ba3
23.Rbb1 Bb4 24.cxd5 Nxd5 25.a3 Bxa3 26.Nc4 Bc5 27.e4 Nb4 28.Nf4 b5 29.Ne5 Be7
30.Ra1 Bf6 31.Nfd3 Nxd3 32.Nxd3 Bxa1 33.Rxa1 Ra7 34.b4 h6 35.Kf3 Rc3 36.Ke2 Rd7
37.Nf4 Rc2+ 38.Ke3 g5 39.Ne2 Rb2 40.f4 Rb3+ 41.Kf2 Rxb4 42.fxg5 Ra4 43.Rc1 hxg5
44.Rc6 Ra2 45.Ke3 Ra3+ 46.Kf2 b4 47.h4 g4 48.Nf4 Rd2+  0-1

[Event "13th Battle of Senta Open A"]
[Site "Senta SRB"]
[Date "2009.07.23"]
[Round "7"]
[White "Farkas,Ti"]
[Black "Arsovic,Z"]
[Result "0-1"]
[WhiteElo "2303"]
[BlackElo "2468"]

1.c4 Nf6 2.Nc3 c5 3.Nf3 e6 4.g3 Nc6 5.Bg2 Be7 6.O-O O-O 7.d4 d5 8.cxd5 Nxd5
9.Nxd5 exd5 10.dxc5 Bxc5 11.Qc2 Bb6 12.Rd1 Qf6 13.Bg5 Qe6 14.h4 h6 15.Bf4 Qf6
16.Qd2 Re8 17.b4 Bf5 18.a4 a6 19.Ra3 Qe7 20.Be3 Bxe3 21.Rxe3 Qxb4 22.Rxe8+ Rxe8
23.Nd4 Qxd2 24.Rxd2 Be6 25.Nb3 Rd8 26.Nc5 Na5 27.e4 d4 28.e5 b6 29.Nxe6 fxe6
30.Bf1 Nb3 31.Rb2 Nc5 32.Rxb6 d3 33.Rd6 Rxd6 34.exd6 Kf8 35.a5 d2 36.Be2 Ne4
37.d7 Ke7 38.d8=Q+ Kxd8  0-1

[Event "XXXV d'Esca Open"]
[Site "Sitges ESP"]
[Date "2009.07.23"]
[Round "2"]
[White "Oms Pallisse,J"]
[Black "Pares Peris,J"]
[Result "1-0"]
[WhiteElo "2495"]
[BlackElo "2165"]

1.c4 Nf6 2.Nc3 e6 3.Nf3 c5 4.g3 b6 5.Bg2 Bb7 6.O-O Be7 7.d4 cxd4 8.Qxd4 d6
9.Rd1 a6 10.Bg5 Nbd7 11.Qd2 O-O 12.Bf4 e5 13.Bg5 h6 14.Bxf6 Nxf6 15.Nh4 Bxg2
16.Nxg2 Ne8 17.b3 Kh7 18.Rac1 f5 19.Nd5 Bg5 20.e3 Rf7 21.f4 Bf6 22.a4 g6
23.Ne1 Rc8 24.Nd3 g5 25.Rf1 exf4 26.exf4 a5 27.Qe3 Ng7 28.Rce1 Rc6 29.Re2 g4
30.Ne1 h5 31.Nc2 h4 32.Qd3 Kg6 33.Nce3 Kh6 34.Rfe1  1-0

[Event "17th Open"]
[Site "Saint Affrique FRA"]
[Date "2009.07.24"]
[Round "8"]
[White "Petkov,V"]
[Black "Lagarde,Max"]
[Result "1/2-1/2"]
[WhiteElo "2429"]
[BlackElo "2352"]

1.Nf3 c5 2.c4 Nf6 3.Nc3 d5 4.cxd5 Nxd5 5.g3 Nc6 6.Bg2 Nc7 7.a3 e5 8.b4 f6
9.bxc5 Bxc5 10.O-O O-O 11.Rb1 Kh8 12.d3 Ne6 13.Nd2 Ned4 14.e3 Ne6 15.Nc4 Qe7
16.Qa4 Rd8 17.Rd1 Qe8 18.Nd5 Qh5 19.h4 Ned4 20.g4 Qxg4 21.exd4 Nxd4 22.Nde3 Nf3+
23.Kf1 Bxe3 24.Bxf3 Qxf3 25.Nxe3 Bh3+ 26.Ke1 f5 27.Bb2 f4 28.Qe4 Qxe4 29.dxe4 fxe3
30.f3 Rf8 31.Bxe5 Rae8 32.f4 Rxe5 33.fxe5 Rf1+ 34.Ke2 Bg4+ 35.Kxe3 Rxd1 36.Rxb7 Kg8
37.Rxa7 Rd7 38.Ra8+ Kf7 39.a4 Be6 40.a5 Rb7 41.a6 Rb4 42.Ra7+ Kf8 43.Rb7 Ra4
44.a7 Bc8 45.Rb8 Rxa7 46.Rxc8+ Ke7 47.Kf4 Ke6 48.Rc6+ Kf7 49.h5 Rb7 50.Ra6 Rc7
51.Ra8 Ke6 52.Ra6+ Kf7 53.h6 g6 54.Kg5 Rb7 55.Ra8 Ke6 56.Rg8 Re7 57.Rg7 Rf7
58.Rxf7  1/2-1/2

[Event "Najdorf Mem Open"]
[Site "Warsaw POL"]
[Date "2009.07.24"]
[Round "7"]
[White "Jansson,A"]
[Black "Marszalek,Mac"]
[Result "0-1"]
[WhiteElo "2069"]
[BlackElo "2395"]

1.Nf3 c5 2.c4 Nf6 3.Nc3 e6 4.g3 d5 5.cxd5 exd5 6.d4 Nc6 7.Bg2 Be7 8.O-O O-O
9.Bf4 Bg4 10.dxc5 Bxc5 11.Rc1 Re8 12.Nb5 Bb6 13.h3 Bxf3 14.Bxf3 Ne4 15.Bxe4 Rxe4
16.Rc2 a6 17.Nc3 Rd4 18.Qc1 Qd7 19.Kh2 Nb4 20.Rd2 Rxd2 21.Qxd2 d4 22.Ne4 Nd5
23.Rc1 h6 24.Nc5 Qe7 25.Na4 Ba7 26.b4 Re8 27.Nc5 Qxe2 28.Qxd4 Nxf4 29.Qxf4 Qxa2
30.Ne4 Bb8 31.Qg4 Qe6 32.Qxe6 fxe6 33.Kg2 Kh7 34.Rd1 Re7 35.Rd8 Bc7 36.Rd3 Be5
37.Nc5 Bb2 38.h4 e5 39.Kf3 Bd4 40.Ne4 Rc7 41.h5 Rc2 42.Rb3 g6 43.g4 Kg7 44.Rb1 Rc4
45.Nd6 Rc3+ 46.Kg2 Rc2 47.Ne4 Rc7 48.Nd6 Rd7 49.Ne4 Bb6 50.Rb3 Rd4 51.Kf3 Bd8
52.Nc5 Kf7 53.Ne4 gxh5 54.gxh5 Be7 55.Nc5 a5 56.Nxb7 Bxb4 57.Kg2 Rd7 58.Rf3+ Kg7
59.Rg3+ Kh7 60.Nxa5 Bxa5 61.Ra3 Bd2 62.Kf3 Bf4 63.Ke4 Rg7 64.Kf5 Re7 65.Ra5 Kg7
66.Rb5 Bh2 67.f3 Rf7+ 68.Kg4 Bf4 69.Ra5 Kf6 70.Ra3 Ke7 71.Ra7+ Ke6 72.Ra6+ Kd5
73.Ra8 Rg7+ 74.Kh4 Kc4 75.Ra6 Kd4 76.Rg6 Rf7  0-1

[Event "ch-Euro Senior"]
[Site "Rogaska Slatina SLO"]
[Date "2009.07.25"]
[Round "4"]
[White "Zoltek,T"]
[Black "Butnorius,A"]
[Result "0-1"]
[WhiteElo "2194"]
[BlackElo "2443"]

1.c4 Nf6 2.Nf3 e6 3.Nc3 c5 4.g3 b6 5.Bg2 Bb7 6.O-O Be7 7.d4 cxd4 8.Qxd4 d6
9.b3 a6 10.Bb2 Nbd7 11.Rfd1 O-O 12.Ne1 Bxg2 13.Nxg2 Qc7 14.Ne4 Rfd8 15.Nxf6+ Nxf6
16.a4 Qb7 17.Ne3 b5 18.cxb5 axb5 19.a5 Rdc8 20.b4 d5 21.Rdc1 h5 22.Rxc8+ Qxc8
23.Rc1 Qf8 24.Bc3 Rc8 25.Rb1 Ne4 26.Be1 Bf6 27.Qd3 Nd6 28.Nxd5 exd5 29.Qxd5 Nc4
30.Qxh5 Rd8 31.Kg2 Qd6 32.Rc1 Qc6+ 33.Kg1 g6 34.Qg4 Rd4 35.Qh3 Qe4 36.Bc3 Rd6
37.Bxf6 Rxf6 38.Rd1 Kg7 39.Rd8 Qb1+ 40.Qf1 Qxb4 41.a6 Rxa6  0-1

[Event "zt 3.3"]
[Site "Ho Chi Minh City VIE"]
[Date "2009.07.26"]
[Round "5"]
[White "Zhang Zhong"]
[Black "Bitoon,R"]
[Result "1/2-1/2"]
[WhiteElo "2613"]
[BlackElo "2495"]

1.Nf3 Nf6 2.c4 e6 3.Nc3 c5 4.d4 cxd4 5.Nxd4 a6 6.Bg5 h6 7.Bh4 Be7 8.e3 O-O
9.Be2 d6 10.O-O Nbd7 11.Rc1 Qc7 12.f4 Qb6 13.Rc2 Nc5 14.Kh1 Re8 15.f5 exf5
16.Nxf5 Bxf5 17.Rxf5 Nce4 18.Bxf6 Nxf6 19.e4 Rac8 20.Qf1 Bd8 21.Bd3 Qd4 22.Nd5 Nxd5
23.Rxd5 Qb6 24.Rf2 Rc7 25.b3 Re6 26.g3 Bf6 27.Kg2 Rc5 28.Rdf5 Rxf5 29.Rxf5 Re5
30.Rf2 Qd4 31.Qe2 h5 32.Qf3 Qc5 33.Bc2 a5 34.Bb1 b6 35.Qd1 h4  1/2-1/2

[Event "ch-AUT"]
[Site "Jenbach AUT"]
[Date "2009.07.26"]
[Round "2"]
[White "Anfang,M"]
[Black "Muehlbacher,B"]
[Result "0-1"]
[WhiteElo "2008"]
[BlackElo "2156"]

1.c4 c5 2.Nf3 Nf6 3.Nc3 e6 4.e3 b6 5.d4 Bb7 6.Be2 Be7 7.O-O O-O 8.Qc2 cxd4
9.exd4 d5 10.cxd5 Nxd5 11.Rd1 Nd7 12.Ne5 N7f6 13.Bf3 Rc8 14.Bg5 Rc7 15.Rac1 Nxc3
16.bxc3 Bxf3 17.Nxf3 Nd5 18.Bxe7 Qxe7 19.c4 Rfc8 20.Qd2 Nf6 21.Ne5 h6 22.Rc2 Nd7
23.Nxd7 Rxd7 24.h3 Rcd8 25.Qc3 Qf6 26.Rcd2 Rc8 27.Qb3 Qf4 28.Rd3 Qc7 29.Rc3 Qd8
30.Rcd3 Rc6 31.d5 Rcd6 32.g3 g6 33.Kh2 exd5 34.cxd5 Qg5 35.Kg2 Qf5 36.Qc4 Kg7
37.a4 Qf6 38.Rf3 Qd8 39.Rfd3 f6 40.g4 Rc7 41.Qe4 Rc5 42.R1d2 Qd7 43.f3 Kf7
44.h4 Qe7 45.Qf4 g5 46.hxg5 hxg5 47.Qf5 Kg7 48.f4 Qe1 49.fxg5 Rc1 50.gxf6+ Rxf6
51.Qd7+ Rf7 52.Qxf7+ Kxf7 53.Rf2+ Kg7 54.d6 Qh1+ 55.Kg3 Rg1+ 56.Kf4 Qh6+
57.Kf3 Qf6+ 58.Ke2 Qe6+ 59.Re3 Qc4+ 60.Kd2 Qd4+  0-1

[Event "ZMD Open"]
[Site "Dresden GER"]
[Date "2009.07.28"]
[Round "4"]
[White "Christiani,J"]
[Black "Moeller,H"]
[Result "0-1"]
[WhiteElo "2018"]
[BlackElo "2171"]

1.Nf3 c5 2.c4 Nf6 3.Nc3 b6 4.g3 Bb7 5.Bg2 e6 6.O-O a6 7.d4 cxd4 8.Qxd4 d6
9.b3 Qc7 10.Bb2 Nbd7 11.Ng5 Bxg2 12.Kxg2 Be7 13.Nge4 O-O 14.Rfd1 Ne8 15.Ba3 Nc5
16.Kg1 Rc8 17.Rac1 Qb8 18.Nxc5 bxc5 19.Qf4 f5 20.Qe3 Rf6 21.f4 g5 22.Bb2 Rg6
23.Kh1 Kf7 24.Qf3 gxf4 25.gxf4 Nf6 26.Rg1 Ng4 27.e4 Qa8 28.Rcf1 Rcg8 29.Rg2 Bf6
30.exf5 exf5 31.Qxa8 Rxa8 32.Nd5 Bd4 33.Bxd4 cxd4 34.Rd1 Re8 35.Rgd2 Re4
36.h3 Ne3 37.Nxe3 dxe3 38.Re2 Rg3 39.Kh2 Rf3 40.Rde1 Rfxf4 41.Rxe3 Rf2+ 42.Kg3 Rxe3+
43.Rxe3 Rxa2 44.Kh4 Kf6 45.Kg3 Rd2 46.b4 Rd4 47.c5 f4+  0-1

[Event "ZMD Open"]
[Site "Dresden GER"]
[Date "2009.07.29"]
[Round "5"]
[White "Ulvnes,R"]
[Black "Doberitz,P"]
[Result "0-1"]
[WhiteElo "1997"]
[BlackElo "2192"]

1.c4 Nf6 2.Nc3 c5 3.Nf3 d5 4.cxd5 Nxd5 5.d3 Nc6 6.g3 e5 7.Bg2 Nc7 8.O-O Be7
9.Nd2 Bd7 10.a4 O-O 11.Nc4 f6 12.f4 exf4 13.Bxf4 Ne6 14.Nd5 Nxf4 15.Rxf4 Re8
16.Nxe7+ Rxe7 17.Nd6 Rb8 18.Ne4 Re5 19.Rc1 Qe7 20.Nc3 Nd4 21.e3 Nf5 22.e4 Nd4
23.Ne2 Bxa4 24.Qe1 Qd6 25.Kh1 Nxe2 26.Qxe2 Bb5 27.Qc2 Qxd3 28.Qf2 Rd8 29.Bf1 Qb3
30.Rxc5 Bxf1 31.Rxe5 fxe5 32.Rf3 Bd3  0-1

[Event "XXXV d'Esca Open"]
[Site "Sitges ESP"]
[Date "2009.07.29"]
[Round "8"]
[White "Oms Pallisse,J"]
[Black "Cruz,Cr"]
[Result "1/2-1/2"]
[WhiteElo "2495"]
[BlackElo "2525"]

1.c4 Nf6 2.Nc3 c5 3.Nf3 e6 4.g3 b6 5.Bg2 Bb7 6.O-O a6 7.d4 cxd4 8.Qxd4 d6
9.Rd1 Be7 10.Bg5 Nbd7 11.Qd2 Rc8 12.Bf4 Rxc4 13.Bxd6 Rc8 14.Ne5 Bxg2 15.Kxg2 Nxe5
16.Bxe5 Qxd2 17.Rxd2 O-O 18.Rad1 Rfd8 19.Kf3 Kf8 20.Rxd8+ Rxd8 21.Rxd8+ Bxd8
22.Bd4 Nd7 23.g4 Bc7 24.h3 f6 25.Ke4 g6 26.f4 f5+ 27.Kf3 Kf7 28.e4 b5 29.b3 Bd6
30.Be3 Nb8 31.a4 bxa4 32.Nxa4 Nc6 33.Nc5 Na5 34.Nxa6 Nxb3 35.e5 Be7 36.Ke2 Ke8
37.gxf5 gxf5 38.Kd3 Na5 39.Bb6 Nc6 40.Kc4 Bh4 41.Nc5 Bf2 42.Na4 Bg3 43.Be3 Ne7
44.Nc3 Be1 45.Ne2 Nd5 46.Bc1 Kf7 47.Kb5 Bf2 48.Bd2 Ne7 49.Bb4 Ng6 50.Bd2 Ne7
51.Bb4 Ng6 52.Bd2 Nh4 53.Kc6 Nf3 54.Bc3 Be3 55.Kd7 Nh4 56.Bd4 Bd2 57.Bc3 Be3
58.Bd4 Bd2 59.Bc3 Bxc3 60.Nxc3 Ng6 61.Ne2 Nf8+ 62.Kd6 Ng6 63.Kd7 Nf8+ 64.Kd6 Ng6
65.Kd7  1/2-1/2

[Event "Czech Open A"]
[Site "Pardubice CZE"]
[Date "2009.07.31"]
[Round "8"]
[White "Stocek,J"]
[Black "Michiels,B"]
[Result "1/2-1/2"]
[WhiteElo "2584"]
[BlackElo "2451"]

1.Nf3 c5 2.c4 Nf6 3.Nc3 b6 4.e4 d6 5.d4 cxd4 6.Nxd4 Bb7 7.Qe2 e6 8.g4 Nc6
9.Nxc6 Bxc6 10.g5 Nd7 11.Rg1 Qc7 12.f4 Nc5 13.Rg3 Be7 14.f5 O-O-O 15.b4 Na4
16.Nb5 Bxb5 17.cxb5 d5 18.Bd2 Nb2 19.Rc1 Nc4 20.fxe6 fxe6 21.exd5 exd5 22.Qe6+ Kb8
23.Bxc4 Bxb4 24.Re3 Bxd2+ 25.Kxd2 dxc4+ 26.Kc2 Qxh2+ 27.Kb1 Rc8 28.g6 Qh5
29.a4 Qxg6+ 30.Qxg6 hxg6 31.Rec3 g5 32.Re1 Rc5 33.Re7 Rhc8 34.Rxg7 a6 35.bxa6 R8c7
36.Rg8+ Ka7 37.Kb2 Kxa6 38.Ka3 Rc8 39.Rg7 R8c7 40.Rg8 Rc8 41.Rg7 Rd8 42.Kb4 Rd1
43.Re7 Rb1+ 44.Ka3 b5 45.Ka2 Rb4 46.axb5+ Rbxb5 47.Re4 Rb4 48.Ka3 Ka5 49.Rg4 Ra4+
50.Kb2 Kb5 51.Kb1 Ra8 52.Rcg3 c3 53.Rg2 Ra4 54.Rxa4 Kxa4 55.Kc2 Kb5 56.Rg3 Kb4
57.Rg4+ Kb5 58.Rg3 Rd5 59.Kxc3 Kc5 60.Rg4 Rf5 61.Kd3 Kd5 62.Ke3 Ke5 63.Rg2 Ke6
64.Rf2 Ra5 65.Ke4  1/2-1/2